000 nam a22 7a 4500
999 _c8071
_d8071
008 171127b xxu||||| |||| 00| 0 eng d
100 _94517
_aRANGARAJAN,R
245 _aPHYSICS CLASS-IX
260 _aNew Delhi
_bRachna Sagar Publication
_c2007